Loading...
The effective teaching of history of India: a handbook for history teachers
| Main Author: | |
|---|---|
| Format: | Printed Book |
| Language: | English |
| Published: |
New Delhi, NCERT
1975 |
| Subjects: |
| LEADER | 005410000a22001810004500 | ||
|---|---|---|---|
| 041 | |a eng | ||
| 082 | |a 954.07 L5 | ||
| 100 | |a Chaudhary, K P |9 122483 | ||
| 245 | |a The effective teaching of history of India: a handbook for history teachers | ||
| 260 | |a New Delhi, NCERT | ||
| 260 | |a 1975 | ||
| 465 | |a R 5.60 | ||
| 650 | |a Handbook |9 122484 | ||
| 650 | |a Indian Schools |9 122485 | ||
| 650 | |a Teaching History |9 122486 | ||
| 942 | |c BK | ||
| 999 | |c 168753 |d 168749 | ||
| 952 | |0 0 |1 0 |4 0 |7 0 |9 167170 |a SPS |b SPS |d 2019-04-16 |l 0 |p SPS02073 |r 2019-04-16 |w 2019-04-16 |y BK | ||